000 00507nam a2200193Ia 4500
003 GCL
008 140319s9999 xx 000 0 ara d
040 _aGCL /
_cGCL
082 0 4 _a539.75
_bد ذ
245 1 0 _aالذرة فى خدمة السلام
300 _a249 ص
490 _aالالف كتاب
_v0
650 0 4 _aالسلام
650 0 4 _aالذرة
650 0 4 _aالمفاعلات الذرية
650 0 4 _aالنظائر المشعة
650 0 4 _aاليورانيوم
942 _2ddc
_cBK
999 _c45635
_d45635